Statistics for Countries of Oscar Best International Feature Film

Click here to take the quiz!

General Stats

  • This quiz has been taken 198 times
    (63 since last reset)
  • The average score is 42 of 58

Answer Stats

# NominatedCountry# Wins% Correct
40France12
100%
18Japan4
96%
7Russia1
96%
21Spain4
96%
33Italy14
95%
16Sweden3
95%
3United Kingdom1
95%
1Australia0
93%
4Brazil0
93%
1Finland0
93%
5Greece0
93%
3India0
93%
8Argentina2
91%
8Belgium0
91%
2China0
91%
14Denmark3
91%
21Germany4
91%
6Norway0
91%
9Mexico1
89%
7Netherlands3
89%
1South Korea1
89%
1Colombia0
88%
7Canada1
86%
1Ireland0
86%
2Chile1
84%
10Israel0
84%
13Poland1
84%
5Switzerland2
84%
1Peru0
82%
2South Africa1
82%
4Austria2
80%
3Iran2
80%
3Czech Republic1
77%
1Iceland0
77%
1Romania0
77%
1Cuba0
75%
10Hungary2
71%
1Vietnam0
71%
1Estonia0
61%
3Taiwan1
61%
5Algeria1
59%
9Soviet Union3
55%
6Yugoslavia0
55%
1Jordan0
52%
2Bosnia and Herzegovina1
50%
6Czechoslovakia2
46%
2Lebanon0
46%
1Tunisia0
46%
1Kazakhstan0
45%
1Nepal0
45%
1Georgia0
41%
1Cambodia0
39%
1Bhutan0
34%
2North Macedonia0
34%
1Nicaragua0
30%
1East Germany0
29%
1Ivory Coast1
25%
1Mauritania0
13%

Score Distribution

Percentile by Number Answered

Percent of People with Each Score

Your Score History

You have not taken this quiz since the last reset